000 00371nam a2200133Ia 4500
008 220217s9999||||xx |||||||||||||| ||und||
020 _a81-7808-286-1
082 _a621.381 044 AGR
100 _aAgrawal, Jai, P
245 0 _aPower electronic systems: theroy and design
260 _aPearson education asia
_bDelhi
_c2002
300 _b450
650 _aELECTRONICS
999 _c170192
_d170192